Satunnaisia valtioita maailmankartalla - Statistics

Yleistilastot
  • Tätä visaa on pelattu 4 120 kertaa
  • Keskiarvotulos 16 / 20
Vastaukset kartalla
Vastauksille on annettu kartalla punavihreä väri sen mukaan, kuinka moni on saanut sen oikein.
 
Vastaustilastot
Valtio % Oikein
Ranska
100%
Venäjä
100%
Egypti
99%
Irlanti
99%
Italia
99%
Kanada
99%
Meksiko
99%
Norja
99%
Ruotsi
99%
Saksa
99%
Suomi
99%
Turkki
99%
Viro
99%
Yhdysvallat
99%
Australia
98%
Intia
98%
Islanti
98%
Kiina
98%
Tanska
98%
Ukraina
98%
Yhdistynyt kuningaskunta
98%
Brasilia
97%
Chile
97%
Espanja
97%
Liettua
97%
Madagaskar
97%
Mongolia
97%
Puola
97%
Alankomaat
96%
Kreikka
96%
Portugali
96%
Romania
96%
Sveitsi
96%
Valko-Venäjä
96%
Argentiina
95%
Belgia
95%
Japani
95%
Latvia
95%
Marokko
94%
Tšekki
94%
Etelä-Korea
92%
Etelä-Afrikka
91%
Iran
91%
Itävalta
91%
Kroatia
91%
Slovakia
91%
Uusi-Seelanti
91%
Saudi-Arabia
90%
Serbia
90%
Somalia
90%
Albania
89%
Indonesia
89%
Kazakstan
89%
Malta
89%
Peru
89%
Pohjois-Korea
89%
Irak
88%
Kolumbia
88%
Libya
88%
Moldova
88%
Paraguay
88%
Unkari
88%
Uruguay
88%
Vietnam
88%
Bosnia ja Hertsegovina
87%
Bulgaria
87%
Filippiinit
87%
Jemen
87%
Kuuba
87%
Nepal
86%
Sri Lanka
86%
Kongon demokraattinen tasavalta
85%
Montenegro
85%
Oman
85%
Thaimaa
85%
Venezuela
85%
Slovenia
84%
Tunisia
84%
Algeria
83%
Kypros
83%
Israel
82%
Monaco
82%
Afganistan
81%
Myanmar
81%
Niger
81%
Vatikaanivaltio
81%
Bangladesh
80%
Bolivia
80%
Malesia
80%
Panama
80%
Pohjois-Makedonia
80%
San Marino
80%
Sudan
80%
Taiwan
80%
Andorra
79%
Kenia
79%
Mali
79%
Pakistan
79%
Ecuador
78%
Georgia
78%
Kirgisia
78%
Kosovo
78%
Namibia
77%
Norsunluurannikko
77%
Haiti
76%
Laos
76%
Lesotho
76%
Luxemburg
76%
Syyria
76%
Bhutan
75%
Kambodža
75%
Papua-Uusi-Guinea
75%
Suriname
75%
Tansania
75%
Uzbekistan
75%
Etelä-Sudan
74%
Etiopia
74%
Kap Verde
74%
Keski-Afrikan tasavalta
74%
Nicaragua
74%
Nigeria
74%
Swazimaa
74%
Tšad
74%
Eritrea
73%
Malediivit
73%
Turkmenistan
73%
Guyana
72%
Qatar
72%
Jordania
71%
Honduras
70%
Liechtenstein
70%
Yhdistyneet arabiemiraatit
70%
Bahama
69%
Belize
69%
Jamaika
69%
Libanon
69%
Senegal
69%
Tadžikistan
69%
Azerbaidžan
68%
Angola
67%
Costa Rica
67%
Dominikaaninen tasavalta
67%
Kiribati
67%
Mosambik
67%
Seychellit
67%
Mauritania
66%
Togo
66%
Zimbabwe
66%
Armenia
65%
Kamerun
65%
Djibouti
64%
Ghana
64%
Kuwait
64%
Itä-Timor
63%
Kongon tasavalta
63%
Malawi
63%
Nauru
63%
Tuvalu
63%
Guatemala
62%
Mikronesia
62%
Sambia
62%
Singapore
62%
Vanuatu
62%
Liberia
61%
Samoa
61%
Botswana
60%
Uganda
60%
Benin
59%
El Salvador
59%
Mauritius
58%
Ruanda
58%
São Tomé ja Príncipe
58%
Sierra Leone
58%
Brunei
57%
Guinea
57%
Päiväntasaajan Guinea
57%
Burkina Faso
56%
Fidži
56%
Komorit
56%
Salomoninsaaret
56%
Tonga
56%
Bahrain
55%
Palau
55%
Gambia
54%
Guinea-Bissau
54%
Marshallinsaaret
54%
Saint Vincent ja Grenadiinit
54%
Trinidad ja Tobago
54%
Burundi
51%
Saint Lucia
51%
Dominica
50%
Gabon
49%
Saint Kitts ja Nevis
48%
Antigua ja Barbuda
47%
Barbados
47%
Grenada
44%
Ehtoja vastaavia visoja ei löytynyt
Tulosjakauma
Jokaisen tuloksen saaneiden osuus
Persentiili vastausten määrän mukaan
Tuloshistoriasi
Et ole pelannut tätä visaa